000 00650cam a2200253 4500
001 ABS67707
008 040408n2004 000 0 eng u
035 _a(Sirsi) u125802
245 _aRegional survey: Hampshire, Dorset and south Wiltshire
260 _c2004
490 _aProperty Week
_v69(13) 26 March 2004, 75-94(10)
590 _aABS
590 _aABS
650 _aHAMPSHIRE
650 _aDORSET
650 _aSOUTH WILTSHIRE
650 _aSOUTHAMPTON
650 _aBASINGSTOKE
650 _aBOURNEMOUTH UNIVERSITY
650 _aREGENERATION
650 _aPOUNDBURY
690 _aCOMMERCIAL PROPERTY-MARKET
942 _n0
999 _c117187
_d117187